Cómo cuidar al paciente con soporte mecánico respiratorio
Kaydedildi:
| Yazar: | |
|---|---|
| Materyal Türü: | Kitap |
| Dil: | İspanyolca |
| Baskı/Yayın Bilgisi: |
Bogotá, Colombia
Universidad Nacional de Colombia
2004
|
| Konular: | |
| Etiketler: |
Etiketle
Etiket eklenmemiş, İlk siz ekleyin!
|
MARC
| LEADER | 00000nam a2200000 a 4500 | ||
|---|---|---|---|
| 001 | UCI2576 | ||
| 003 | CL-VaPUC | ||
| 005 | 20250225105418.0 | ||
| 008 | 070831e20040000CK |||||||||||||||||spa|d | ||
| 999 | |c 327067 |d 327065 | ||
| 020 | |a 9587014065 | ||
| 040 | |c Pontificia Universidad Católica de Valparaíso | ||
| 082 | 0 | 4 | |a 615.836 JIM 2004 |2 21 |
| 100 | 0 | |a Jímenez Gómez, María Antonia |9 523588 | |
| 245 | 1 | 0 | |a Cómo cuidar al paciente con soporte mecánico respiratorio |
| 260 | 0 | 3 | |a Bogotá, Colombia |b Universidad Nacional de Colombia |c 2004 |
| 300 | |a 306 páginas | ||
| 583 | |a last modification |c 20070831 00:00:00 |k Rodrigo Vera | ||
| 650 | 0 | |a Insuficiencia respiratoria |9 523589 | |
| 650 | 7 | |a TRASTORNOS RESPIRATORIOS |2 CL-VaPUC |9 371094 | |
| 650 | 0 | |a Ventiladores mecánicos |9 523590 | |
| 650 | 7 | |a ENFERMEDADES DEL APARATO RESPIRATORIO |2 CL-VaPUC |9 341870 | |
| 650 | 0 | |a Pulmones |9 415307 | |
| 650 | 7 | |a SINTOMAS RESPIRATORIOS |2 CL-VaPUC |9 523591 | |
| 942 | |c BK |2 ddc | ||
| 945 | |d 20070831 00:00:00 |a rbrito | ||
| 952 | |0 0 |1 0 |2 ddc |4 0 |6 615_836000000000000_JIM_2004 |7 0 |8 A |9 409474 |a BIBCUR |b BIBCUR |d 2019-11-22 |i 4369068 |o 615.836 JIM 2004 |p 4369068 |r 2025-04-22 |t 1 |w 2019-11-22 |y BK |k BIO | ||